Feed-in tariffs scheme (Record no. 112888)

MARC details
000 -LEADER
fixed length control field 01413cad a22002055a 4500
001 - CONTROL NUMBER
control field L154219
008 - FIXED-LENGTH DATA ELEMENTS--GENERAL INFORMATION
fixed length control field 111102s2011 xxk f 000 0 eng d
035 ## - SYSTEM CONTROL NUMBER
System control number (Sirsi) u154219
041 0# - LANGUAGE CODE
Language code of text/sound track or separate title eng
110 2# - MAIN ENTRY--CORPORATE NAME
Corporate name or jurisdiction name as entry element United Kingdom
Subordinate unit Department of Energy and Climate Change
9 (RLIN) 5850
245 00 - TITLE STATEMENT
Title Feed-in tariffs scheme
Remainder of title consultation on comprehensive review phase 1, tariffs for solar PV
Medium [electronic resource]
260 ## - PUBLICATION, DISTRIBUTION, ETC.
Place of publication, distribution, etc. [S.l.]
Name of publisher, distributor, etc. DECC
Date of publication, distribution, etc. 2011
520 ## - SUMMARY, ETC.
Summary, etc. Consultation invites comments on the Government's proposals for the tariff levels available for renewable electricity generation from solar PV installations of 250KW or below under the Feed-in Tarrifs Scheme (FITS). Returns available to new generators are higher than expected and as this is not sustainable proposes reducing the tarrifs for solar PV to to a level consistent with providing a reasonable rate of return. Also proposed is prioritising energy efficiency by linking PV tariffs to specified minimum energy efficiency requirements from 1 April 2012. The consultion closes on the 23 December 2011.
590 ## - LOCAL NOTE (RLIN)
Local note KA NTK
651 #4 - SUBJECT ADDED ENTRY--GEOGRAPHIC NAME
Geographic name England and Wales
Chronological subdivision 1543-
651 #4 - SUBJECT ADDED ENTRY--GEOGRAPHIC NAME
Geographic name Scotland
Chronological subdivision 1999-
690 ## - LOCAL SUBJECT ADDED ENTRY--TOPICAL TERM (OCLC, RLIN)
Topical term or geographic name as entry element ENVIRONMENTAL AND LAND CONSULTANCY-ENERGY-RENEWABLE ENERGY
856 40 - ELECTRONIC LOCATION AND ACCESS
Uniform Resource Identifier <a href="https://www.decc.gov.uk/assets/decc/11/consultation/fits-comp-review-p1/3364-fits-scheme-consultation-doc.pdf">https://www.decc.gov.uk/assets/decc/11/consultation/fits-comp-review-p1/3364-fits-scheme-consultation-doc.pdf</a>
Public note View the item free of charge at www.decc.gov.uk
942 ## - ADDED ENTRY ELEMENTS (KOHA)
Suppress in OPAC 0
Holdings
Withdrawn status Lost status Source of classification or shelving scheme Damaged status Not for loan Home library Current library Shelving location Date acquired Total Checkouts Full call number Barcode Date last seen Copy number Price effective from Koha item type
    Dewey Decimal Classification     Virtual Virtual Online 02/11/2011   ONLINE PUBLICATION 154219-2001 06/08/2019 1 06/08/2019 Book